000 00487nam a2200181Ia 4500
001 9969
005 20260306161757.0
008 260306t2008||||xx |||||||||||||| ||spa||
041 _aESP
082 _aPE 869.56
_bE82
100 _aEslava Calvo, Jorge Pablo, 1953-
_eAUT
245 0 _aAdolescentes en la ciudad:
_buna visión de la narrativa peruana del siglo XX
260 _c2008
300 _a344 páginas :
_c23 cm.
650 _aGEN
654 _aCHU
942 _cLIB
_dJUS
_fJUS
_2ddc
_n
999 _c9969
_d9969